Animal cognition in nature: the convergence of psychology and biology in laboratory and field (Record no. 34410)

MARC details
000 -LEADER
fixed length control field 00700nam a2200181 a 4500
008 - FIXED-LENGTH DATA ELEMENTS--GENERAL INFORMATION
fixed length control field 120416s1998 ||||||||||||||||| || u
020 ## - INTERNATIONAL STANDARD BOOK NUMBER
International Standard Book Number 012077030X
050 ## - LIBRARY OF CONGRESS CALL NUMBER
Classification number QL 785 Ani
100 ## - MAIN ENTRY--PERSONAL NAME
Personal name Pepperberg, I. M
245 10 - TITLE STATEMENT
Title Animal cognition in nature: the convergence of psychology and biology in laboratory and field
Statement of responsibility, etc. edited by R. P. Balda
260 ## - PUBLICATION, DISTRIBUTION, ETC.
Place of publication, distribution, etc. London
Name of publisher, distributor, etc. Academic Press
Date of publication, distribution, etc. 1998
300 ## - PHYSICAL DESCRIPTION
Extent ix, 465p. : ill.
350 ## - PRICE (NR) (BK AM CF MU VM SE) [OBSOLETE]
Price 0.00
650 ## - SUBJECT ADDED ENTRY--TOPICAL TERM
Topical term or geographic name entry element COGNITION IN ANIMALS
700 ## - ADDED ENTRY--PERSONAL NAME
Personal name Kamil, Alan
700 ## - ADDED ENTRY--PERSONAL NAME
Personal name Balda, Russell P
995 ## - RECOMMENDATION 995 [LOCAL, UNIMARC FRANCE]
-- 0.00
-- CBU-MAIN LIBRARY (Kitwe)
-- 1
-- 35.00
-- 1
-- AVAILABLE
-- Mar 21, 2007
-- Main Library Open Access Collection
Holdings
Withdrawn status Lost status Source of classification or shelving scheme Damaged status Not for loan Home library Current library Shelving location Date acquired Total Checkouts Full call number Barcode Date last seen Price effective from Koha item type
          CBU-MAIN LIBRARY, KITWE. CBU-MAIN LIBRARY, KITWE.   11/30/2022   QL 785 Ani 38884 11/30/2022 11/30/2022 MONOGRAPH